LEADER 01164nam a2200253 u 4500 001 000000014913 003 CaOOAMICUS 005 20070226105823.0 008 941214s1937 it u000 u eng u 035 $a10350355 040 $aPUL$bita 100 1 $aDempsey, John J.$0(OLS)http://pul/name/13770 245 10$aPelagius's commentary on Saint Paul :$ba theological study /$cby John J. Dempsey. 260 $aRomae :$bTypis P. Universitatis Gregorianae,$c1937. 300 $a95 p. ;$c24 cm 500 $aEstratto di Diss. -- Pontificia Universitą Gregoriana (Roma) 600 04$aPelagius,$d350/354-423/429.$0(OLS)http://pul/subject/6731 710 2 $aPontificia Universitą Gregoriana.$0(OLS)http://pul/name/147 850 $aPUL 852 $aPUL$W1$xDP1 Tesi Pon. Univ. Gregoriana$y40$mTH UNIV.GREG 110$j20894$nBK-PRI$b $qTesi$B20894$CPULBib$Z2$F20894 $H $81 910 $aPontificia Universitas Gregoriana$9147 941 1 $a16 996 $6245$aPelagius's commentary on Saint Paul :$ba theological study$9(OLS)http://pul/title/21387 996 $6260$aRomae :$bTypis P. Universitatis Gregorianae$9(OLS)http://pul/publisher/52421 LEADER 01155nam a2200289 a 4500 001 000000172136 003 CaOOAMICUS 005 20190624150826.0 008 190624s2019 it u000 u ita r 020 $z978-88-15-28361-0* 032 $aLibriCat 040 $aPUL$bita$d 100 1 $aGuasco, Alberto.$0(OLS)http://pul/name/79292 245 00$aMartini : $bgli anni della formazione (1927-1962) /$cAlberto Guasco. 260 $aBologna :$bIl Mulino,$c©2019. 300 $a274 p. ;$c22 cm 490 1 $aPercorsi 504 $aBibliografia in nota. 600 14$aMartini, Carlo Maria,$ccard., arciv. di Milano,$d1927-2012.$0(OLS)http://pul/subject/10040 830 0$aPercorsi.$0(OLS)http://pul/title/138633 850 $aPUL 852 $aPUL$W1$xSL Religione 3$y85$m282. 092 GUAAL 2$j196070$qDDC 21$B200824$CPULBib$Z2$F200824 $H132951 $82 941 1 $a9 996 $6020$z978-88-15-28361-0*$9(OLS)http://pul/number/166266 996 $6245$aMartini : $bgli anni della formazione (1927-1962)$9(OLS)http://pul/title/213034 996 $6260$aBologna :$bIl Mulino$9(OLS)http://pul/publisher/47928